000 00417nam a22001697a 4500
005 20160623091920.0
008 160623b xxu||||| |||| 00| 0 eng d
020 _a978-81-265-1372-7
041 _aeng
082 _b9037
100 _aBuffa, Elwood S and Sarin, Rakesh K
_92528
245 _aModern Production Operations Management
260 _bWiley
300 _a803
650 _aManagement
_9241
942 _cBK
999 _c3592
_d3591